000 00531nam a2200181Ia 4500
008 100920s9999 xx 000 0 und d
082 _b48685
_a24 थ 85
100 _aमेटकरी रघुराज रा.
245 _aरानजाई.
260 _bदिलीपराज प्रकाशन, पुणे.
_c1985
300 _a188
_bसाधी
365 _b40
520 _aसायो.
630 _aरानजाई.
650 _aसायो.
730 _aरानजाई.
942 _cBOOK
999 _c695568
_d695565